[Event "EICC 2017"]
[Site "Minsk"]
[Date "2017.06.10"]
[Round "11"]
[White "Aleksandrov, Aleksej"]
[Black "Artemiev, Vladislav"]
[Result "1/2-1/2"]
[WhiteElo "2559"]
[BlackElo "2682"]
[Annotator "TA"]
[PlyCount "40"]
[EventDate "2017.??.??"]
[EventCountry "BLR"]
[SourceTitle "playchess.com"]
[Source "ChessBase"]
[SourceQuality "1"]

{[%evp 10,40,5,0,0,0,0,0,0,0,0,0,20,-10,-7,0,-1,-9,-8,-26,-13,-6,-2,-5,-2,-7,0,-14,-14,-27,0,0,0]} 1. d4 Nf6 2. c4 g6 3. Nc3 d5 4. Bf4 Bg7 5. Rc1 Nh5 6. Bd2 {LiveBook: 14 Games. D82: Grünfeld: 4 Bf4} e5 $146 ({Predecessor:} 6... dxc4 7. e3 Be6 8. Nf3 c6 9. Ng5 Bd5 10. e4 h6 11. exd5 hxg5 12. Bxc4 Nf4 13. Qf3 O-O {½-½ (26) Khismatullin,D (2568)-Timofeev,A (2657) Tomsk 2006}) 7. e3 exd4 8. exd4 O-O 9. cxd5 Nf6 10. Bc4 c6 {[%cal Rf6d5]} 11. dxc6 Qxd4 12. Qe2 Nxc6 {[#] ...Bg4 is the strong threat.} 13. Nf3 $132 {[%mdl 2048] White puts up resistance} Qd8 14. h3 Na5 15. O-O Re8 16. Be3 Nxc4 17. Qxc4 Be6 18. Qa4 Nd5 19. Bd4 Nb6 20. Qb4 Bf8 {Precision: White = 61%, Black = 64%.} 1/2-1/2

[Event "EICC 2017"]
[Site "Minsk"]
[Date "2017.06.10"]
[Round "11"]
[White "Boruchovsky, Avital"]
[Black "Onischuk, Vladimir"]
[Result "1/2-1/2"]
[WhiteElo "2557"]
[BlackElo "2608"]
[Annotator "TA"]
[PlyCount "83"]
[EventDate "2017.??.??"]
[EventCountry "BLR"]
[SourceTitle "playchess.com"]
[Source "ChessBase"]
[SourceQuality "1"]

{[%evp 13,83,28,31,19,50,32,36,8,9,13,16,12,13,0,12,14,23,27,23,7,8,33,23,6,40,39,40,12,105,97,95,96,105,88,84,99,88,94,99,108,99,65,70,0,0,0,0,0,0,0,0,0,0,0,0,0,0,0,0,0,0,0,0,0,0,0,0,0,0,0,0,0]} 1. e4 d6 2. d4 Nf6 3. Bd3 g6 4. Nf3 Bg7 5. O-O O-O 6. c3 Nbd7 7. Re1 e5 8. a4 {B07: Pirc Defence: Miscellaneous Systems} Re8 9. Na3 a6 (9... h6 10. Bc2 a5 11. Nb5 b6 12. h3 Bb7 13. d5 Nh5 14. b4 Bc8 15. Be3 Nf4 {1-0 (52) Boruchovsky,A (2542)-Onischuk,V (2601) Budapest 2017}) 10. a5 $146 {White is slightly better.} ({Predecessor:} 10. Bg5 h6 11. Bh4 exd4 12. cxd4 g5 13. Nxg5 hxg5 14. Bxg5 c5 15. Nc4 cxd4 16. Nxd6 {1-0 (43) Boruchovsky,A (2532)-Demchenko,A (2629) Yerevan 2016}) 10... d5 11. Bg5 dxe4 12. Rxe4 {[%cal Rd4e5]} exd4 13. Rxd4 h6 14. Bh4 g5 15. Bg3 Nh5 $1 16. Be5 Rxe5 17. Nxe5 Bxe5 18. Re4 $36 {[%cal Bd4e4,Be4e3,Be3e6][%mdl 2080] [#] Rxe5 is the strong threat. White has good play.} Nc5 19. Re3 $1 Be6 {Hoping for ...Nf6.} 20. Qxh5 {Strongly threatening Bc4.} (20. Be2 $5 {[%cal Re3e5]} Nb3 21. Rb1 $11 (21. Rxe5 Nxa1 22. Qxa1 Nf4 $11)) 20... Bf4 (20... Nxd3 $11 21. Rd1 Bf5) 21. Qxh6 $16 {Threatening mate with Bh7+.} Nxd3 22. Rxe6 {Threatens to win with Re4.} Nxf2 ({Wrong is} 22... fxe6 $2 23. Qg6+ (23. Rd1 Qf8 $18) 23... Kf8 24. Rd1 $18) 23. Re2 Ng4 24. Qh5 Be3+ 25. Kh1 Nf2+ 26. Rxf2 $1 Bxf2 27. Rf1 Qe7 $1 28. Nc2 ({Better is} 28. Qf3 $1 $14 Bc5 29. Qxb7) 28... Re8 $1 $11 {The position is equal.} 29. Qf3 (29. Rxf2 $2 {[#] is a self mate.} Qe1+ $1 {[%mdl 512]} 30. Nxe1 Rxe1+ 31. Rf1 Rxf1#) 29... Ba7 30. Qxb7 Qe2 {[%cal Re2f1]} 31. Qf3 Qxf3 32. gxf3 {[%mdl 4096] Endgame KRB-KRN} (32. Rxf3 $2 {perishes.} Re2 $19) 32... Re2 33. Nb4 Rxb2 34. Nxa6 Ra2 35. Rb1 Rxa5 36. Nxc7 Ra2 37. Rb5 Kh7 38. h4 gxh4 39. Rh5+ Kg6 40. Rxh4 f5 41. Nd5 Rd2 42. Ra4 {Precision: White = 72%, Black = 80%.} 1/2-1/2

[Event "EICC 2017"]
[Site "Minsk"]
[Date "2017.06.10"]
[Round "11"]
[White "Ruck, Robert"]
[Black "Mindlin, Alon"]
[Result "0-1"]
[WhiteElo "2557"]
[BlackElo "2436"]
[Annotator "TA"]
[PlyCount "103"]
[EventDate "2017.??.??"]
[EventCountry "BLR"]
[SourceTitle "playchess.com"]
[Source "ChessBase"]
[SourceQuality "1"]

{[%evp 21,103,0,0,7,0,0,18,1,8,6,12,12,12,16,18,0,8,6,0,0,0,0,0,0,0,0,0,-6,0,0,0,0,0,-3,0,-1,-4,-4,0,-96,-81,-167,-165,-187,-187,-235,-208,-208,-208,-208,-208,-234,-208,-286,-284,-397,-357,-437,-389,-642,-639,-631,-629,-575,-567,-834,-781,-950,-854,-1487,-1374,-1434,-1404,-1382,-1395,-1266,-1213,-1539,-822,-29973,-29977,-29981,-29982,-29982]} 1. d4 Nf6 2. c4 e6 3. Nf3 d5 4. Nc3 Be7 5. Bf4 O-O 6. e3 b6 7. Bd3 c5 8. cxd5 Nxd5 9. Nxd5 exd5 10. dxc5 {D37: Queen's Gambit Declined: 5 Bf4} (10. b3 Nc6 11. O-O Bg4 12. Bb5 Na5 13. dxc5 bxc5 14. h3 Be6 15. Rc1 Qb6 16. Bd3 c4 17. Bc2 Nc6 {1-0 (36) Lesiege,A (2525)-Akobian,V (2645) chess.com INT 2017}) 10... bxc5 11. O-O Nc6 {LiveBook: 9 Games} 12. Ne5 {The position is equal.} Nxe5 13. Bxe5 Be6 14. Qc2 h6 $146 ({Predecessor:} 14... g6 15. b3 Rc8 16. Rfd1 Bf6 17. Qb2 d4 18. Bxf6 Qxf6 {½-½ (55) Mertens,H (2354)-Illner,A (2375) Germany 2012}) 15. Rfd1 Bf6 16. Bxf6 Qxf6 17. Qxc5 Qxb2 18. Qa5 Rfc8 19. Rab1 Qc3 20. Qa4 a5 {[%cal Ba7a5,Ba5a4][%mdl 32]} 21. Rb3 Qc5 22. Qd4 (22. Rb5 $5 {[%cal Rb5c5]} Qc3 23. Rb3 $11) 22... Qxd4 23. exd4 a4 24. Rb4 g5 25. Kf1 Rc3 26. Ke2 Ra3 $36 {[%mdl 2048] Black is more active.} 27. Bb1 Bg4+ 28. f3 Bc8 29. Kd2 Ba6 30. Kc1 (30. Re1 $1 $11 {keeps the balance.}) 30... Bc4 $17 31. Rd2 {[#]} (31. Re1 $17 Bxa2 32. Kb2 Rb3+ 33. Rxb3 Bxb3 34. Bd3) 31... Re3 $1 $19 32. Bc2 a3 33. Bd1 Rc3+ 34. Rc2 Rxc2+ 35. Bxc2 {White wants to play Bb3.} Bxa2 {[%mdl 4096] Endgame KRB-KRB} 36. Bd3 Kg7 37. Kc2 h5 38. Rb7 Ra4 39. Re7 Rxd4 40. Ra7 $2 {[#]} (40. Re1 Rb4 41. Kc3) 40... Bb1+ $1 {[%mdl 512]} 41. Kxb1 Rxd3 {KR-KR} 42. Kc2 Re3 43. Ra5 Re2+ 44. Kd3 Rxg2 45. Rxd5 a2 46. Ra5 Kg6 47. h3 Rh2 48. Ke4 h4 49. f4 {[#]} f5+ $1 50. Ke5 (50. Rxf5 Re2+) 50... Re2+ 51. Kd5 gxf4 52. Kd4 {Precision: White = 37%, Black = 87%.} 0-1

[Event "EICC 2017"]
[Site "Minsk"]
[Date "2017.06.10"]
[Round "11"]
[White "Ruck, Robert"]
[Black "Mindlin, Alon"]
[Result "*"]
[WhiteElo "2557"]
[BlackElo "2436"]
[Annotator "TA"]
[PlyCount "34"]
[EventDate "2017.??.??"]
[EventCountry "BLR"]
[SourceTitle "playchess.com"]
[Source "ChessBase"]
[SourceQuality "1"]

{[%evp 21,25,0,0,0,0,9]} 1. d4 Nf6 2. c4 e6 3. Nf3 d5 4. Nc3 Be7 5. Bf4 O-O 6. e3 b6 7. Bd3 c5 8. cxd5 Nxd5 9. Nxd5 exd5 10. dxc5 {D37: Queen's Gambit Declined: 5 Bf4} (10. b3 Nc6 11. O-O Bg4 12. Bb5 Na5 13. dxc5 bxc5 14. h3 Be6 15. Rc1 Qb6 16. Bd3 c4 17. Bc2 Nc6 {1-0 (36) Lesiege,A (2525)-Akobian,V (2645) chess.com INT 2017}) 10... bxc5 11. O-O Nc6 {LiveBook: 9 Games} 12. Ne5 Nxe5 13. Bxe5 {Predecessor:} Be6 $146 14. Qa4 Bf6 15. Bxf6 Qxf6 16. b3 Rfc8 17. Rac1 Qg5 {½-½ (94) Vul,A (2307)-Lugovskoy,M (2402) Taganrog 2014} *

[Event "EICC 2017"]
[Site "Minsk"]
[Date "2017.06.10"]
[Round "11"]
[White "Sturua, Zurab"]
[Black "Lupulescu, Constantin"]
[Result "*"]
[WhiteElo "2555"]
[BlackElo "2631"]
[Annotator "TA"]
[PlyCount "29"]
[EventDate "2017.??.??"]
[EventCountry "BLR"]
[SourceTitle "playchess.com"]
[Source "ChessBase"]
[SourceQuality "1"]

{[%evp 9,19,29,30,25,30,26,29,35,33,20,29,0]} 1. d4 Nf6 2. Nf3 d5 3. c4 e6 4. Nc3 a6 5. cxd5 exd5 6. Bg5 {D37: Queen's Gambit Declined: 5 Bf4} (6. Bf4 Bd6 7. Bg3 O-O 8. e3 Bf5 9. Qb3 Bxg3 10. hxg3 Nc6 11. Be2 Qd6 12. O-O Ne7 13. Ne5 h5 {0-1 (39) Karjakin,S (2783)-Adams,M (2761) Shamkir 2017}) 6... Be6 7. e3 Nbd7 8. Bd3 Bd6 9. Qc2 c6 10. O-O (10. Bf4 $5 {[%cal Rf4d6]} Qc7 11. Bxd6 Qxd6 12. O-O $14) {Predecessor:} 10... Qc7 $146 11. Rfe1 h6 12. Bxf6 Nxf6 13. e4 dxe4 14. Nxe4 Nxe4 15. Bxe4 {0-1 (40) Li,D (2488)-Ni,H (2675) China 2017} *

[Event "EICC 2017"]
[Site "Minsk"]
[Date "2017.06.10"]
[Round "11"]
[White "Sturua, Zurab"]
[Black "Lupulescu, Constantin"]
[Result "1/2-1/2"]
[WhiteElo "2555"]
[BlackElo "2631"]
[Annotator "TA"]
[PlyCount "67"]
[EventDate "2017.??.??"]
[EventCountry "BLR"]
[SourceTitle "playchess.com"]
[Source "ChessBase"]
[SourceQuality "1"]

{[%evp 9,67,22,25,12,29,28,31,37,31,24,27,0,0,0,0,-28,-32,-31,-23,-52,-35,-27,-22,-29,-31,-37,-27,-25,-33,-29,-29,-29,33,-30,-21,-27,-35,-31,-27,-33,-18,-24,-31,-46,-20,-23,0,-9,0,0,0,0,0,0,0,0,0,0,0,0]} 1. d4 Nf6 2. Nf3 d5 3. c4 e6 4. Nc3 a6 5. cxd5 exd5 6. Bg5 {D37: Queen's Gambit Declined: 5 Bf4} (6. Bf4 Bd6 7. Bg3 O-O 8. e3 Bf5 9. Qb3 Bxg3 10. hxg3 Nc6 11. Be2 Qd6 12. O-O Ne7 13. Ne5 h5 {0-1 (39) Karjakin,S (2783)-Adams,M (2761) Shamkir 2017}) 6... Be6 7. e3 Nbd7 8. Bd3 {White is slightly better.} Bd6 9. Qc2 c6 10. O-O (10. Bf4 $5 {[%cal Rf4d6]} Qc7 11. Bxd6 Qxd6 12. h3 $11) 10... Qc7 11. Ne2 $146 ({Predecessor:} 11. Rfe1 h6 12. Bxf6 Nxf6 13. e4 dxe4 14. Nxe4 Nxe4 15. Bxe4 {0-1 (40) Li,D (2488)-Ni,H (2675) China 2017}) 11... Bg4 12. Ng3 h6 {[%cal Bh7h6,Bh6h5,Bh5h4][%mdl 32]} 13. Bxf6 $1 Nxf6 14. Qc3 h5 (14... Bxf3 $5 15. gxf3 O-O $15) 15. Ne5 h4 16. Nf5 Bxf5 17. Bxf5 Ne4 18. Bxe4 $1 dxe4 19. Qc2 f6 20. Ng6 Bxh2+ 21. Kh1 Rh6 22. Qxe4+ Kf7 23. Nf4 Bxf4 24. exf4 Rd8 25. Rfe1 Qd7 26. Rad1 Rh5 27. Rd3 h3 28. g4 $132 {[%mdl 2048] The position is equal. White has counterplay} Rd5 29. Qh7 {[#] Black must now prevent g5.} Rxd4 ({Don't go for} 29... Qxg4 $2 30. Rg3 $18) 30. Qh5+ Kg8 31. Rxd4 Qxd4 32. Re8+ Rxe8 33. Qxe8+ Kh7 {[#] ( -> ...Qd5+)} 34. Qh5+ {Precision: White = 79%, Black = 71%.} 1/2-1/2

[Event "EICC 2017"]
[Site "Minsk"]
[Date "2017.06.10"]
[Round "11"]
[White "Danin, Alexandre"]
[Black "Grachev, Boris"]
[Result "0-1"]
[WhiteElo "2551"]
[BlackElo "2658"]
[Annotator "TA"]
[PlyCount "136"]
[EventDate "2017.??.??"]
[EventCountry "BLR"]
[SourceTitle "playchess.com"]
[Source "ChessBase"]
[SourceQuality "1"]

{[%evp 20,136,34,26,31,17,33,16,28,17,25,15,17,16,36,36,29,34,40,-15,21,27,19,15,19,20,65,57,63,7,32,31,33,44,37,31,33,23,39,24,43,0,33,0,0,-42,-52,-61,-54,-45,-52,-40,-51,-42,-18,-15,-5,-5,0,-6,-9,-12,-12,-20,-12,-70,-53,-107,-114,-269,-279,-274,-275,-434,-429,-418,-419,-427,-431,-420,-403,-464,-450,-399,-386,-592,-588,-577,-527,-562,-293,-454,-412,-1202,-1115,-1638,-1483,-1522,-1367,-965,-821,-29969,-29968,-29956,-12831,-29976,-29977,-29978,-29978,-29976,-29981,-29981,-29982,-29973,-29966,-29985,-29986,-29985,-29987]} 1. e4 c5 2. Nf3 Nc6 3. d4 cxd4 4. Nxd4 Qb6 5. Nb3 Nf6 6. Nc3 e6 7. Qe2 Bb4 8. Bd2 O-O 9. a3 {B33: Sicilian: Pelikan and Sveshnikov Variations} (9. O-O-O d5 10. exd5 exd5 11. Be3 Qc7 12. Nb5 Qd8 13. f3 a6 14. N5d4 Re8 15. Qf2 Ne5 16. Bd2 Bd6 17. Kb1 a5 18. Bb5 a4 {½-½ (76) Amonatov,F (2620)-Korobov,A (2692) Doha 2016}) 9... Be7 10. f4 d5 11. e5 {LiveBook: 4 Games. White is slightly better.} Nd7 12. Be3 Qc7 13. Nb5 Qd8 14. Qh5 $146 ({Predecessor:} 14. O-O-O a6 15. N5d4 Nc5 16. Nxc6 Nxb3+ 17. cxb3 bxc6 {0-1 (44) Polzin,R (2480)-Thorhallsson,T (2469) Fuegen 2006}) 14... a6 15. N5d4 Nxd4 16. Bxd4 b6 17. Bd3 {[%csl Gd3][%cal Rh5h7]} g6 18. Qe2 Nc5 19. Nd2 (19. O-O-O $14) 19... f5 20. exf6 Bxf6 21. Be5 Bxe5 22. Qxe5 Nxd3+ 23. cxd3 Rf5 24. Qe3 (24. Qd4 $14) 24... d4 (24... e5 $5) 25. Qe4 Ra7 26. O-O $1 Re7 27. Qa8 Rc7 28. Nc4 b5 29. Ne5 Rf8 30. Rae1 Rc2 {Threatens to win with ...Qc7.} 31. Qe4 (31. Rc1 $5 {[%cal Rc1c2]} Rxb2 32. Qa7 $11) 31... Qb6 {White must now prevent ...Bb7.} 32. Nf3 (32. Nxg6 $5 Bb7 33. Ne7+ Kg7 34. Qe5+ Kf7 35. Nd5 Bxd5 36. Qh5+ Kg8 37. Qg5+ Kh8 38. Qe5+ Kg8 39. Qg5+ Kh8 40. Qe5+ Kg8 41. Qg5+ $11) 32... Bb7 33. Qe5 Rf5 $1 {[%cal Rf5e5]} 34. Qxe6+ Qxe6 35. Rxe6 Rxb2 36. Rb6 Rf7 (36... Bxf3 $5 37. Rxf3 Rc5 $15) 37. Rf2 Rb1+ 38. Rf1 $132 {[%mdl 2048] White has counterplay} Rb2 39. Rf2 Rb3 40. Ne5 Re7 41. h4 Rxa3 42. h5 (42. Rd6 $11) 42... gxh5 $15 43. f5 {[#]} (43. Rd6 $1 $15) 43... Bc8 $1 $17 44. Nc6 $2 {[#]} (44. Rb8 $17 {keeps fighting.} Rc3 45. Nf3) 44... Rb7 $1 $19 {[%cal Rb7b6]} 45. Rxb7 Bxb7 {[%mdl 4096] Endgame KRB-KRN} 46. Nd8 (46. Ne5 $142 Rc3 47. Rf4) 46... Bd5 47. f6 Rxd3 48. f7+ Kf8 49. Rf5 Bc4 50. Rg5 {Rg8+ would kill now.} Rd1+ 51. Kh2 {Threatening mate with Rg8+.} Rf1 ({But not} 51... Bxf7 52. Rf5 $19) 52. Rg8+ Ke7 53. Re8+ Kd7 54. f8=Q Rxf8 55. Rxf8 {With the idea Nb7.} d3 56. Nb7 (56. Kg3 $142 Ke7 57. Rf1 Kxd8 58. Kf4) 56... Kc7 57. Kg3 Kxb7 {KR-KB} 58. Kf2 a5 {[%cal Ba6a5,Ba5a4,Ba4a3,Ba3a2][%mdl 32]} 59. Ke3 a4 60. Rh8 a3 61. Rxh7+ Kb6 62. Rxh5 a2 {Black mates.} 63. Rh1 Kc5 64. g4 Kb4 65. g5 Kc3 66. g6 d2 67. Rd1 b4 {[%cal Bb5b4,Bb4b3][%mdl 32]} 68. g7 b3 {Precision: White = 42%, Black = 72%.} 0-1

[Event "EICC 2017"]
[Site "Minsk"]
[Date "2017.06.10"]
[Round "11"]
[White "Danin, Alexandre"]
[Black "Grachev, Boris"]
[Result "*"]
[WhiteElo "2551"]
[BlackElo "2658"]
[Annotator "TA"]
[PlyCount "35"]
[EventDate "2017.??.??"]
[EventCountry "BLR"]
[SourceTitle "playchess.com"]
[Source "ChessBase"]
[SourceQuality "1"]

{[%evp 20,24,31,27,38,10,38]} 1. e4 c5 2. Nf3 Nc6 3. d4 cxd4 4. Nxd4 Qb6 5. Nb3 Nf6 6. Nc3 e6 7. Qe2 Bb4 8. Bd2 O-O 9. a3 {B33: Sicilian: Pelikan and Sveshnikov Variations} Be7 10. f4 d5 11. e5 {LiveBook: 4 Games} Nd7 12. Be3 Qc7 {Predecessor:} 13. Nb5 $146 Qb8 14. O-O-O a6 15. N5d4 Nc5 16. g4 Nxd4 17. Bxd4 Nxb3+ 18. cxb3 {1-0 (74) Lupulescu,C (2626)-Filip,L (2434) Mamaia 2015} *

[Event "EICC 2017"]
[Site "Minsk"]
[Date "2017.06.10"]
[Round "11"]
[White "Sadzikowski, Daniel"]
[Black "Stremavicius, Titas"]
[Result "1/2-1/2"]
[WhiteElo "2548"]
[BlackElo "2448"]
[Annotator "TA"]
[PlyCount "47"]
[EventDate "2017.??.??"]
[EventCountry "BLR"]
[SourceTitle "playchess.com"]
[Source "ChessBase"]
[SourceQuality "1"]

{[%evp 17,47,4,4,-1,6,5,10,10,15,8,27,16,28,29,32,23,26,20,92,92,56,66,124,112,116,116,204,0,10,10,14,0]} 1. e4 c5 2. Nf3 Nc6 3. Bb5 g6 4. Bxc6 dxc6 5. d3 Bg7 6. h3 b6 {B31: Sicilian: 2...Nc6 3 Bb5 g6} (6... Nf6 7. Nc3 O-O 8. Bf4 Nh5 9. Be3 Qd6 10. Qd2 e5 11. O-O-O b5 12. Ne2 b4 13. g4 Nf6 14. Ng3 a5 15. c4 {0-1 (45) Vallejo Pons,F (2710)-Radjabov,T (2710) Moscow 2017}) 7. O-O Nh6 8. Nc3 f6 9. Nh2 e5 {LiveBook: 4 Games} 10. f4 exf4 11. Bxf4 O-O 12. Qd2 Nf7 13. Nf3 {[#]} f5 $146 ({Predecessor:} 13... Be6 14. a4 a5 15. Rad1 {1-0 (51) Oratovsky,M (2493)-Kotronias,V (2528) Lisbon 2001}) 14. Rae1 h6 15. exf5 g5 16. f6 $36 {[%mdl 2048] White fights for an advantage.} Bxf6 17. Bh2 Bf5 {[#]} (17... Bg7 $11 {keeps the balance.}) 18. g4 $1 $16 {[%cal Rg4f5]} Bh7 19. Re6 Bd4+ (19... Re8 $14 20. Rxc6 Rc8 21. Rxc8 Qxc8) 20. Nxd4 Qxd4+ 21. Kg2 {Re7 is the strong threat.} c4 (21... Qd7 $16 22. Ref6 Rae8) 22. Qf2 $2 {[#]} ({Stronger than} 22. Rxc6 cxd3 23. Rff6 Rad8 $11) ({White should play} 22. Qe1 $18) 22... Qd7 23. Qf6 Rae8 24. Rxe8 {Precision: White = 66%, Black = 29%.} 1/2-1/2

[Event "EICC 2017"]
[Site "Minsk"]
[Date "2017.06.10"]
[Round "11"]
[White "Petrosyan, Manuel"]
[Black "Pavlov, Sergey"]
[Result "1-0"]
[WhiteElo "2546"]
[BlackElo "2432"]
[Annotator "TA"]
[PlyCount "129"]
[EventDate "2017.??.??"]
[EventCountry "BLR"]
[SourceTitle "playchess.com"]
[Source "ChessBase"]
[SourceQuality "1"]

{[%evp 17,129,-45,-20,-32,-18,-39,-25,-38,0,0,0,0,0,-75,-49,-41,0,0,0,-2,0,-89,0,0,0,0,5,56,79,0,6,-5,73,77,98,-27,42,48,192,0,0,-161,0,0,22,0,0,0,0,0,22,21,29,42,41,44,24,0,0,0,0,0,0,0,0,0,0,0,0,0,11,0,7,0,0,0,0,0,0,0,0,0,41,27,37,37,50,52,96,67,67,63,180,79,77,76,181,79,276,270,248,0,235,235,342,342,29974,29975,29980,29981,29981,29978,29978,29979]} 1. d4 Nf6 2. c4 e6 3. Nf3 d5 4. g3 dxc4 5. Qa4+ Nbd7 6. Bg2 a6 7. Qxc4 b5 8. Qc2 Bb7 9. Bg5 c5 {LiveBook: 13 Games. E03: Open Catalan: 5 Qa4+ Nbd7 6 Qxc4} 10. Bxf6 $146 ({Predecessor:} 10. O-O Rc8 11. Qd1 Be7 12. a4 b4 13. dxc5 Nxc5 14. Qxd8+ Rxd8 15. Nbd2 O-O 16. Rfc1 Rc8 17. Nd4 Bxg2 18. Kxg2 {1-0 (36) Barcenilla,R (2501)-Shulman,Y (2608) ICC INT 2011}) 10... Qxf6 11. O-O Rc8 {Black is slightly better.} 12. Rc1 cxd4 13. Qxc8+ $1 Bxc8 14. Rxc8+ Ke7 15. Ne1 (15. Nbd2 $11 d3 16. Rb1) 15... Qe5 16. Kf1 Nc5 17. f4 Qh5 18. Nd2 {[%cal Bb1d2,Bd2f3,Bf3e5][%mdl 32]} d3 19. Nef3 (19. Nxd3 $11 {remains equal.} Nxd3 20. exd3) 19... dxe2+ (19... g6 $1 $17 {Threatens to win with ...Kd7.} 20. exd3 Nd7) 20. Kxe2 $11 g6 {White must now prevent ...Kf6.} (20... Kd7 $5 {[%cal Rd7c8]} 21. Ra8 e5 $11) 21. Rd1 Qd5 {Hoping for ...Kf6.} 22. Ne1 Qh5+ 23. Ndf3 {[%mdl 1024] aiming for h3. White has strong compensation.} Kf6 24. Rc7 e5 (24... Kg7 $11 {keeps the balance.}) 25. Rd5 $1 $16 Ne6 26. Rc6 (26. Rcd7 $1 $16) 26... Qf5 (26... Kg7 $11 27. Kf1 Be7 28. Rxe5 Qg4 29. Rcxe6 fxe6) 27. Nxe5 $14 Kg7 (27... Qb1 $1 $14) 28. N1d3 $2 (28. Rd7 $18) 28... Be7 $1 $11 29. g4 $2 (29. Kd2 $11 Qh5 30. h4) 29... Nxf4+ $2 (29... Qf6 $1 $19 {[%cal Rf6h4] And now ...Qh4 would win.} 30. Kf1 Qh4 31. Nxf7 Nxf4 32. Nxf4 Kxf7) 30. Kf3 Qg5 31. Nxf4 Qh4 $1 32. Rd7 {Rcc7 is the strong threat.} Re8 33. Ned3 h5 34. h3 hxg4+ 35. hxg4 Rd8 36. Rxd8 Bxd8 37. Rd6 Qe7 38. Rd5 Bb6 {[%csl Gb6][%cal Re7e3]} 39. Ne5 Qh4 {( -> ...Qf2+)} 40. Ned3 Qe7 {[%csl Gb6][%cal Re7e3]} 41. Re5 Qb7+ 42. Kg3 Qd7 43. Rd5 Qe7 44. g5 b4 45. Kg4 a5 46. b3 (46. Re5 $5 {[%cal Re5e7]} Qd7+ 47. Kg3 $11) 46... Bc7 47. Bf3 Qe3 48. Rd7 Qg1+ 49. Kh3 Qe3 (49... Bxf4 $5 50. Nxf4 Qb1 $11) 50. Rxc7 Qxf3+ 51. Kh2 {Strongly threatening Rxf7+!} Qe3 52. Rc2 Qf3 53. Rc5 Qa8 54. Kg3 Qa6 {[#]} (54... a4 $14) 55. Kf3 (55. Ne1 $1 $18 {is the precise move to win.}) 55... Qa8+ 56. Ke3 Qd8 (56... a4 $16 {keeps fighting.}) 57. Ke4 (57. Rd5 $18 {has better winning chances.} Qb6+ 58. Ke4) 57... Kf8 $2 (57... a4 $16) 58. Ne5 $18 Kg7 59. Ned3 Kf8 $1 60. Rd5 Qc7 (60... Qc8 {was necessary.} 61. Rxa5 Qc2) 61. Nc5 Qe7+ $2 (61... Qc6 $18 62. Kd4 Qc8) 62. Nce6+ {White mates.} Kg8 {[#]} 63. Rd8+ $1 Kh7 {[#]} 64. Rd7 $1 {[%mdl 512]} Qe8 (64... Qxd7 65. Nf8+) 65. Ke3 {Precision: White = 57%, Black = 44%.} 1-0

[Event "EICC 2017"]
[Site "Minsk"]
[Date "2017.06.10"]
[Round "11"]
[White "Bernadskiy, Vitaliy"]
[Black "Mista, Aleksander"]
[Result "0-1"]
[WhiteElo "2533"]
[BlackElo "2606"]
[Annotator "TA"]
[PlyCount "74"]
[EventDate "2017.??.??"]
[EventCountry "BLR"]
[SourceTitle "playchess.com"]
[Source "ChessBase"]
[SourceQuality "1"]

{[%evp 9,74,-9,0,-7,9,-12,-21,-19,-12,-2,47,46,54,55,86,82,72,59,45,41,53,-2,0,16,86,78,125,-10,-10,-10,-22,-11,-9,-27,-11,-121,-115,-116,-120,-270,-275,-267,-268,-291,-277,-292,-299,-340,-325,-667,-684,-673,-650,-550,-304,-1126,-1134,-1052,-1068,-1000,-1004,-12837,-12836,-29995,-29996,-29996,-29997]} 1. d4 Nf6 2. Nf3 g6 3. Nc3 d5 4. Bf4 Bg7 5. Nb5 Na6 6. e3 {D00: 1 d4 d5: Unusual lines} O-O (6... c6 7. Nc3 Nb8 8. h3 O-O 9. Be2 Bf5 10. O-O Nbd7 11. Qc1 Re8 12. Bh2 Ne4 13. Nxe4 Bxe4 14. Ng5 Bf5 15. g4 e5 16. Nxf7 Kxf7 17. gxf5 exd4 {1-0 (45) Aronian,L (2793)-Giri,A (2771) Stavanger 2017}) 7. h4 Bg4 $146 ({Predecessor:} 7... h5 8. Ne5 c5 9. c3 cxd4 10. exd4 Nb8 11. Bd3 {0-1 (30) Colin,V (2381)-Heimann,A (2573) Chartres 2017}) 8. Be2 {The position is equal.} Bxf3 9. Bxf3 c5 10. c3 Qb6 11. a4 Rac8 12. Be5 Ne4 13. Bxg7 Kxg7 14. Bxe4 dxe4 15. Qg4 (15. h5 $14) 15... cxd4 $11 16. exd4 {[%cal Be3d4,Bd4d5][%mdl 32]} Nc7 (16... Nb8 $11) 17. Qxe4 $16 Ne6 18. h5 (18. O-O-O $16) 18... a6 $1 $11 {[%cal Ra6b5]} 19. hxg6 hxg6 20. d5 $1 {[%cal Rd5e6]} (20. Qe5+ $2 f6 $19) 20... Nc5 21. Qd4+ f6 {[#] aiming for ...Rh8.} 22. Qe3 (22. Na3 $11 {keeps the balance.}) 22... axb5 $17 23. Qxe7+ Rf7 24. Rh7+ (24. Qe3 $17 Kg8 25. Kf1) 24... Kxh7 $19 25. Qxf7+ Kh6 26. O-O-O {[#] Black must now prevent Rh1+.} Nb3+ $1 ({Not} 26... Nxa4 27. Rh1+ Kg5 28. Qh7 $17) ({Worse is} 26... bxa4 27. f4 $18) 27. Kb1 Qxf2 ({Avoid the trap} 27... bxa4 $2 28. f4 $18) 28. Qxb7 Rc5 29. Qa7 $2 (29. Qb8 Qxg2 30. Ka2 Rxc3 31. Qf4+ Kh5 32. axb5 Nc1+ 33. Rxc1) 29... Qe2 30. Rh1+ Kg5 31. Qh7 {Qh4+ is the strong threat.} Nd2+ 32. Ka1 $2 (32. Kc1 Nb3+ 33. Kb1 Qe4+ 34. Ka2 Qxa4+ 35. Kb1 Nd2+ 36. Kc1 Rxd5 37. Qh6+ Kf5 38. Qh3+ Qg4 39. Kc2) 32... Rc4 {[%cal Rc4a4]} 33. Qh6+ Kf5 {[%cal Rc4a4]} 34. Qh3+ Rg4 35. axb5 Qxb5 {[%cal Rb5a6]} 36. b4 Qa4+ 37. Kb2 Nc4+ {Precision: White = 26%, Black = 63%.} 0-1